00594nam a2200193Ia 4500008004000000020001800040082002000058100001800078245003400096250000500130260004100135300001200176650001700188690001600205700001900221906001100240999001700251952013200268210210b1989 xxu||||| |||| 00| 0 eng d a0 471 63764 5 a621.381535 BARO aBARNA (Arpad) aOperational amplifiers. Ed 2. a aNew York.bJohn Wiley and Sonsc1989 axii,273 aAmplifiers  aElectronics aPORAT (Dan I). a045898 c95512d95512 001040708ElectronicsaALbALcElectronicsd2021-02-17g0.00l0o621.381535 BAROp045898r2021-02-17 00:00:00w2021-02-17yBK